MARC details
| 000 -CABECERA |
| campo de control de longitud fija |
01922nam a2200361 a 4500 |
| 001 - NÚMERO DE CONTROL |
| campo de control |
000048039 |
| 005 - FECHA Y HORA DE LA ÚLTIMA TRANSACCIÓN |
| campo de control |
20260428073714.0 |
| 008 - DATOS DE LONGITUD FIJA--INFORMACIÓN GENERAL |
| campo de control de longitud fija |
150115s2018 dr 000 j spa d |
| 020 ## - NÚMERO INTERNACIONAL ESTÁNDAR DEL LIBRO |
| Número Internacional Estándar del Libro |
9789945503234 |
| 040 ## - FUENTE DE LA CATALOGACIÓN |
| Centro catalogador/agencia de origen |
DO-SdBNP |
| Lengua de catalogación |
spa |
| Centro/agencia transcriptor |
BNPHU |
| 082 ## - NÚMERO DE LA CLASIFICACIÓN DECIMAL DEWEY |
| Número de clasificación |
RD863.5 |
| Número de documento/Ítem |
P925I |
| 111 2# - ENTRADA PRINCIPAL--NOMBRE DE CONGRESO/REUNIÓN |
| Nombre de congreso/reunión o jurisdicción como elemento de entrada |
Premios Joven de Cuento Feria del Libro |
| Fecha del congreso/reunión |
(2017 : |
| Sede del congreso/Lugar de la reunión |
Santo Domingo) |
| 9 (RLIN) |
75535 |
| 245 10 - MENCIÓN DE TÍTULO |
| Título |
Isaura, el Oboe te desnuda y otros cuentos premiados / |
| Mención de responsabilidad, etc. |
Miguel Jiménez... [et.al ]. |
| 260 ## - PUBLICACIÓN, DISTRIBUCIÓN, ETC. |
| Lugar de publicación, distribución, etc. |
Santo Domingo : |
| Nombre del editor, distribuidor, etc. |
Ediciones Ferilibro : |
| -- |
Ministerio de Cultura ; |
| -- |
Editora Nacional, |
| Fecha de publicación, distribución, etc. |
2018. |
| 300 ## - DESCRIPCIÓN FÍSICA |
| Extensión |
63 p. ; |
| Dimensiones |
21 cm. |
| 490 ## - MENCIÓN DE SERIE |
| Mención de serie |
Narrativa |
| 500 ## - NOTA GENERAL |
| Nota general |
Incluye datos biográficos del autor ganador en las solapas de la cubierta |
| 505 0# - NOTA DE CONTENIDO CON FORMATO |
| Información miscelánea |
Premio -- |
| Título |
Isaura, el oboe te desnuda / |
| Mención de responsabilidad |
Miguel Jiménez -- |
| Información miscelánea |
Menciones : |
| Título |
Dacrifilia/ |
| Mención de responsabilidad |
Katherine Gutiérrez Aybar -- |
| Título |
Oscura est / |
| Mención de responsabilidad |
Carlos Joel Cabrera -- |
| Título |
Yo no soy tiempo, Teresa / |
| Mención de responsabilidad |
Jesús Marrero -- |
| Título |
Calle La Esperanza / |
| Mención de responsabilidad |
Jesús Marrero -- |
| Título |
Amir / |
| Mención de responsabilidad |
Elena Elizabeth Ramos Grullón -- |
| Título |
La desaparición de la señorita López / |
| Mención de responsabilidad |
Yaina Melissa Rodríguez Ramírez -- |
| Título |
Rosa de Bayahíbe / |
| Mención de responsabilidad |
Miguel Ángel Otaño Montero -- |
| 590 ## - NOTA LOCAL (RLIN) |
| Nota local |
Inventariado, 2018/VM |
| 650 #0 - PUNTO DE ACCESO ADICIONAL DE MATERIA--TÉRMINO DE MATERIA |
| Término de materia o nombre geográfico como elemento de entrada |
Cuentos dominicanos |
| 9 (RLIN) |
176 |
| 650 #0 - PUNTO DE ACCESO ADICIONAL DE MATERIA--TÉRMINO DE MATERIA |
| Término de materia o nombre geográfico como elemento de entrada |
Literatura dominicana. |
| 9 (RLIN) |
67 |
| 650 #4 - PUNTO DE ACCESO ADICIONAL DE MATERIA--TÉRMINO DE MATERIA |
| Término de materia o nombre geográfico como elemento de entrada |
Certamenes literarios |
| 9 (RLIN) |
1541 |
| 650 #0 - PUNTO DE ACCESO ADICIONAL DE MATERIA--TÉRMINO DE MATERIA |
| Término de materia o nombre geográfico como elemento de entrada |
Premios literarios |
| 9 (RLIN) |
1542 |
| 700 12 - PUNTO DE ACCESO ADICIONAL--NOMBRE DE PERSONA |
| Nombre de persona |
Jiménez,Miguel |
| Título de la obra |
Isaura, el oboe te desnuda |
| 9 (RLIN) |
75536 |
| 700 12 - PUNTO DE ACCESO ADICIONAL--NOMBRE DE PERSONA |
| Nombre de persona |
Gutiérrez Aybar, Katherine |
| Título de la obra |
Dacrifilia |
| 9 (RLIN) |
75537 |
| 700 12 - PUNTO DE ACCESO ADICIONAL--NOMBRE DE PERSONA |
| Nombre de persona |
Cabrera, Carlos Joel |
| Título de la obra |
Oscura est |
| 9 (RLIN) |
75538 |
| 700 12 - PUNTO DE ACCESO ADICIONAL--NOMBRE DE PERSONA |
| Nombre de persona |
Marrero, Jesús |
| Título de la obra |
Yo no soy tiempo, Teresa |
| 9 (RLIN) |
75539 |
| 700 12 - PUNTO DE ACCESO ADICIONAL--NOMBRE DE PERSONA |
| Nombre de persona |
Marrero, Jesús |
| Título de la obra |
Calle La Esperanza |
| 9 (RLIN) |
75540 |
| 700 12 - PUNTO DE ACCESO ADICIONAL--NOMBRE DE PERSONA |
| Nombre de persona |
Ramos Grullón , Elena Elizabeth |
| Título de la obra |
Amir |
| 9 (RLIN) |
75541 |
| 700 12 - PUNTO DE ACCESO ADICIONAL--NOMBRE DE PERSONA |
| Nombre de persona |
Rodríguez Ramírez, Yaina Melissa |
| Título de la obra |
La desaparición de la señorita López |
| 9 (RLIN) |
75542 |
| 700 12 - PUNTO DE ACCESO ADICIONAL--NOMBRE DE PERSONA |
| Nombre de persona |
Bayahíbe, Rosa de |
| Título de la obra |
Miguel Ángel Otaño Montero |
| 9 (RLIN) |
75543 |
| 830 00 - PUNTO DE ACCESO ADICIONAL DE SERIE-TÍTULO UNIFORME |
| Título uniforme |
Narrativa |
| 9 (RLIN) |
11366 |